000 00565 a2200181 4500
999 _c4305
_d4305
010 _aENG-86153
020 _a8189612409
_c695.00
035 _aEN-69686
037 _bDBAD/ PUB
082 1 4 _a658.3
100 1 _aJha, Anuj
245 1 _aHuman resource and personnel management /
_cby Anuj Jha
260 _aNew Delhi
_bOmega Publications
_c2006
270 _a4398/5, Ansari Road, Daryaganj
_bNew Delhi
_e110002
_k65901906
_mgph2004@yahoo.co.in
300 _a272 p.
_c21cm. (Hb.)
500 _aIncludes index
942 _adpl
_cEN
_2ddc
_h658.3
_mJHA